MARC

LEADER 00000nam0a2200000 4500
001 83674
005 20231031100306.0
035 |a (RuTPU)RU\TPU\book\89970 
090 |a 83674 
100 |a 20051020d1960 k y0rusy50 ca 
101 0 |a rus 
102 |a RU 
105 |a a z 001zy 
200 1 |a Регулирование по возмущению. (Компенсация возмущений и инвариантность)  |f Г. М. Уланов 
210 |a Москва  |a Ленинград  |c Госэнергоиздат  |d 1960 
215 |a 110 с.  |c ил. 
225 1 |a Библиотека по автоматике  |v Вып. 16 
320 |a Библиогр.: с. 106-108. 
610 1 |a регулирование 
610 1 |a автоматическое регулирование 
610 1 |a следящие системы 
610 1 |a электрические машины 
610 1 |a инвариантность 
610 1 |a возмущения 
675 |a 621.012  |v 3 
700 1 |a Уланов  |b Г. М.  |g Георгий Михайлович 
801 1 |a RU  |b 63413507  |c 20051020  |g PSBO 
801 2 |a RU  |b 63413507  |c 20190912  |g PSBO 
942 |c BK